Statistiques concernant Que s'est-il passé un 24 mars?

Cliquez ici pour prendre le quiz!

Statistiques générales

  • Ce quiz a été pris 26 fois
  • Le résultat moyen est 6 sur 16

Statistiques - réponses

AnnéeIndiceRéponse% Correct
1603Jacques Ier devient roi et réunit les couronnes d'Angleterre et de cet autre royaumeÉcosse
68%
1567Ce pays remporte la victoire lors du siège de ValenciennesEspagne
64%
1934Ce constructeur automobile présente la première voiture à traction avantCitroën
60%
1267Le roi de France réunit ses chevaliers pour préparer une croisadeLouis IX
60%
1976Dans ce pays, les militaires prennent le pouvoirArgentine
48%
1959Ce pays se retire du Pacte de BagdadIrak
44%
1948Les femmes peuvent désormais voter dans ce paysBelgique
40%
1882Ce médecin annonce avoir isolé le bacille causant la tuberculoseRobert Koch
40%
1837Ce pays donne le droit de vote aux NoirsCanada
36%
1792Ce groupe, conduits par Roland et Dumouriez, forme un gouvernementGirondins
36%
937Les Magyars arrivent devant Sens, dans cet ancien duchéDuché de Bourgogne
32%
1550L'Angleterre restitue cette ville du Pas-de-Calais à la France pour 400.000 écus d'orBoulogne-sur-Mer
28%
1515Ce comte de Flandre cherche à hériter de l'Espagne en s'alliant avec François IerCharles Quint
24%
2001Nintendo lance cette console portableGame Boy Advance
24%
1721Ce tsar répartit tous les fonctionnaires selon différents degrés correspondant à des grades militairesPierre Ier
24%
1207Innocent III jette l'interdit sur l'Angleterre car ce roi refuse la nomination de l'archevêque de CantorbéryJean sans Terre
12%

Distribution des résultats

Percentile par nombre de réponses

% des personnes avec chaque résultat

Votre développement - résultats

Vous n’avez pas pris ce quiz